000 00339 a2200157 4500
001 48452
020 _a9788526018914
040 _cAnchieta - Bela Vista
100 _aFrança, Mary
240 1 0 _aO gato no telhado
_lpor
245 1 0 _aO gato no telhado
300 _a19
362 0 _a2013
650 4 _aLiteratura infantil
942 _cBK
999 _c48452
_d48452